| 000 | nam a22 a 4500 | ||
|---|---|---|---|
| 999 |
_c2311 _d2311 |
||
| 005 | 20170516093019.0 | ||
| 008 | 170516b2000 -uk||||| |||| 00| 0 eng d | ||
| 020 | _a1861526083 (pbk.) | ||
| 040 | _aAKMAL | ||
| 082 | 0 | 4 | _a411 MIC |
| 090 |
_a411 _bMIC |
||
| 245 | 0 | 0 |
_aResearching and writing dissertations in business and management _bMichael Riley ... [et al.]. |
| 260 | _aAustralia ; | ||
| 260 |
_aUnited Kingdom : _bThomson Learning, _c2000. |
||
| 300 |
_ax,280p. ; _c25cm |
||
| 500 | _aIncludes index. | ||
| 700 | 1 |
_aRiley, Michael. _94835 |
|
| 852 | 4 | 1 |
_aBritish Library _bDSC |
| 942 |
_2ddc _cBOOK |
||